| 000 | 00566cab a2200217 4500 | ||
|---|---|---|---|
| 001 | X2891 | ||
| 008 | 090401t1995 xxu||||| |||| 00| 0 eng d | ||
| 035 | _a(Sirsi) u27090 | ||
| 041 | _aeng | ||
| 245 | _aWard and Ward v Durham County Council | ||
| 260 | _c1995 | ||
| 350 | _a0 | ||
| 490 |
_aProperty and Compensation Reports _v(1995) 70 P&CR 585-591(7) |
||
| 650 | _aHIGHWAYS ACT 1980 | ||
| 650 | _aPUBLIC ACCESS | ||
| 650 | _aPUBLIC HOUSE | ||
| 650 | _aRIGHT OF WAY | ||
| 690 | _aHIGHWAYS AND RIGHTS OF WAY-CASE LAW | ||
| 942 | _n0 | ||
| 948 | _c04/03/1997 | ||
| 999 |
_c18246 _d18246 |
||